书目信息 |
| 题名: |
德国社会民主党关于伯恩施坦问题的争论
|
|
| 作者: | ;中共中央马克思恩格斯列宁斯大林著作编译局国际共运史研究室 编 | |
| 分册: | ||
| 出版信息: | 北京 三联书店 1981 |
|
| 页数: | 659页 | |
| 开本: | 21cm | |
| 丛书名: | ||
| 单 册: | ||
| 中图分类: | D142 , K516 | |
| 科图分类: | ||
| 主题词: | 第二国际-批判-伯恩斯坦,E. , 东欧--历史 , 中欧--历史 | |
| 电子资源: | ||
| ISBN: | ||
| 000 | 01036nam0 2200301 45 | |
| 001 | 0181002502 | |
| 005 | 20040511173025.6 | |
| 010 | @dCNY2.45 | |
| 091 | @a11002.535 | |
| 100 | @a19950422d1981 emky0chiy0121 ea | |
| 101 | 0 | @achi |
| 102 | @aCN@b110000 | |
| 105 | @ay z 000yy | |
| 106 | @ar | |
| 200 | 10 | @a德国社会民主党关于伯恩施坦问题的争论@Ade guo she hui min zhu dang guanyu bo en shi tan wen ti de zheng lun@f中共中央马克思恩格斯列宁斯大林著作编译局国际共运史研究室编 |
| 210 | @a北京@c三联书店@d1981 | |
| 215 | @a659页@d21cm | |
| 600 | 1 | @a伯恩斯坦,E.@x批判 |
| 601 | 02 | @a德国工人党@x党史 |
| 606 | @a第二国际-批判-伯恩斯坦,E. | |
| 606 | 0 | @a东欧@x历史 |
| 606 | 0 | @a中欧@x历史 |
| 690 | @aD142@v3 | |
| 690 | @aK516@v3 | |
| 711 | 02 | @a中共中央马克思恩格斯列宁斯大林著作编译局国际共运史研究室@Azhong gong zhong yang ma ke si en ge si lie ning si da lin zhu zuo bian yi ju guo ji gong yun shi yan jiu shi@4编 |
| 801 | 0 | @aCN@b上海图书馆@c20040331 |
| 801 | 2 | @aCN@bNLC@c20040331 |
| 905 | @dK516@e3@f2@b75959-960 | |
| 德国社会民主党关于伯恩施坦问题的争论/中共中央马克思恩格斯列宁斯大林著作编译局国际共运史研究室编.-北京:三联书店,1981 |
| 659页;21cm |
| ISBN :CNY2.45 |
| ● |
| 相关链接 |
|
|
|
|
正题名:德国社会民主党关于伯恩施坦问题的争论
索取号:K516/3
 
预约/预借
| 序号 | 登录号 | 条形码 | 馆藏地/架位号 | 状态 | 备注 |
| 1 | 0044195 | 001715905 | 密集书库/ [索取号:K516/3] | 在馆 | |
| 2 | 0044196 | 001791519 | 密集书库/ [索取号:K516/3] | 在馆 | |
| 3 | 0044197 | 001715709 | 密集书库/ [索取号:K516/3] | 在馆 | |
| 4 | 0044198 | 001715745 | 密集书库/ [索取号:K516/3] | 在馆 | |
| 5 | 0044199 | 001925144 | 密集书库/ [索取号:K516/3] | 在馆 | |
| 6 | 0044200 | 001715781 | 密集书库/ [索取号:K516/3] | 在馆 | |
| 7 | 0075959 | 001395421 | 第二借阅区/ [索取号:K516/3] | 在馆 | |
| 8 | 0075960 | 001395412 | 第二借阅区/ [索取号:K516/3] | 在馆 | |
| 9 | 0075961 | 001715825 | 密集书库/ [索取号:K516/3] | 在馆 | |
| 10 | 0075962 | 001715861 | 密集书库/ [索取号:K516/3] | 在馆 | |
| 11 | 0075963 | 001395458 | 第二样本阅览室/ [索取号:K516/3] | 在馆 |